Talk to win (Record no. 90152)

MARC details
000 -LEADER
fixed length control field 00526nam a2200205Ia 4500
005 - DATE AND TIME OF LATEST TRANSACTION
control field 20251118160058.0
008 - FIXED-LENGTH DATA ELEMENTS--GENERAL INFORMATION
fixed length control field 230125s9999 xx 000 0 und d
020 ## - INTERNATIONAL STANDARD BOOK NUMBER
International Standard Book Number 81-86685-22-7
041 ## - LANGUAGE CODE
Language code of text/sound track or separate title eng
082 ## - DEWEY DECIMAL CLASSIFICATION NUMBER
Classification number 158.1
Item number LLO
100 ## - MAIN ENTRY--PERSONAL NAME
Author Luthra S R
245 ## - TITLE STATEMENT
Title Talk to win
260 ## - PUBLICATION, DISTRIBUTION, ETC.
Date of publication, distribution, etc. 2002
Name of publisher, distributor, etc. Wisdom tree
Place of publication, distribution, etc. New Delhi
300 ## - PHYSICAL DESCRIPTION
Extent 139p
500 ## - GENERAL NOTE
Keywords Personality Development,
500 ## - GENERAL NOTE
Keywords Personality Improvement
650 ## - SUBJECT ADDED ENTRY--TOPICAL TERM
Topical term or geographic name entry element Personality Development
700 ## - ADDED ENTRY--PERSONAL NAME
Personal name Luthra S R
942 ## - ADDED ENTRY ELEMENTS (KOHA)
Koha item type Books
Holdings
Withdrawn status Lost status Damaged status Not for loan Home library Current library Date acquired Vendor Net Price Total Checkouts Full call number Barcode Date last seen Actual Price Bill Date Koha item type Original Barcode
        Smt. Hiraben Nanavati Institute of Management & Research for Women Smt. Hiraben Nanavati Institute of Management & Research for Women 25/03/2002 Crossword 125.00   158.1 LLO B03038 HIMR-BK-3038 25/01/2023 125.00 25/03/2002 Books B03038